Normal view
MARC view
- Zubair, Saad
Entry Personal Name
001 - CONTROL NUMBER
- control field: 130549
003 - CONTROL NUMBER IDENTIFIER
- control field: NUST
005 - DATE AND TIME OF LATEST TRANSACTION
- control field: 20250922115946.0
008 - FIXED-LENGTH DATA ELEMENTS
- fixed length control field: 250922|| aca||aabn | a|a d
040 ## - CATALOGING SOURCE
- Original cataloging agency: NUST
- Transcribing agency: NUST
100 ## - HEADING--PERSONAL NAME
- Personal name: Zubair, Saad
670 ## - SOURCE DATA FOUND
- Source citation: Work cat.: (NUST): Zubair, Saad , Lie Symmetry Analysis of MHD Thermosolutal Marangoni Convection with Heat Generation and First Order Chemical Reaction /
